| 000 | 00502nam a2200205Ia 4500 | ||
|---|---|---|---|
| 008 | 170918s9999 xx 000 0 und d | ||
| 020 | _a590819186 | ||
| 050 | _bR888 1997 | ||
| 100 | _aRoy, Ron | ||
| 245 | 4 | _aThe absent author / | |
| 245 | _cRon Roy ; illustrated by John Steven Gurney. | ||
| 260 | _aNew York : | ||
| 260 | _bScholastic, | ||
| 260 | _c1997 | ||
| 300 | _a86 pages : | ||
| 300 | _bcolored illustration ; | ||
| 300 | _c19cm. | ||
| 440 | _aA to Z mysteries. | ||
| 500 | _a510 | ||
| 999 |
_c341612 _d341612 |
||